000 00310nam a22001337a 4500
008 170615b xxu||||| |||| 00| 0 eng d
020 _a0316984930
041 _aeng
080 _22ND
_a327
100 _a19
101 _aSHP
245 _aWAR, PEACE AND INTERNATIONAL POLITICS
_cZIEGLER,D.W
942 _2udc
_cBK
999 _c17585
_d17585